| 000 | 00980cam a2200277 i 4500 | ||
|---|---|---|---|
| 999 |
_c27543 _d27543 |
||
| 001 | 3178890 | ||
| 003 | OSt | ||
| 005 | 20170209091309.0 | ||
| 008 | 760810s1976 dcua c 000 0 eng | ||
| 010 | _a 76011656 | ||
| 040 |
_aDLC _cDLC _dDLC |
||
| 043 |
_aa-cc--- _aa-ja--- _an-us-dc |
||
| 050 | 0 | 0 |
_aN7336 _b.F7 1976 |
| 082 | 0 | 0 | _a709/.51/0740153 |
| 110 | 2 | _aFreer Gallery of Art. | |
| 245 | 1 | 0 |
_aMasterpieces of Chinese and Japanese art : _bFreer Gallery of Art handbook. |
| 260 |
_aWashington : _bSmithsonian Institution, _c1976. |
||
| 300 |
_av, 142 p. : _bill. (some col.) ; _c23 cm. |
||
| 610 | 2 | 0 | _aFreer Gallery of Art. |
| 650 | 0 |
_aArt, Chinese _xCatalogs. |
|
| 650 | 0 |
_aArt, Japanese _xCatalogs. |
|
| 650 | 0 |
_aArt _zWashington (D.C.) _xCatalogs. |
|
| 906 |
_a7 _bcbc _corignew _d2 _eocip _f19 _gy-gencatlg |
||
| 942 |
_2lcc _cBOOKS _hN 7336 .F7 1976 |
||